Statistics for Biscuits

Click here to take the quiz!

General Stats

  • This quiz has been taken 42 times
  • The average score is 5 of 10

Answer Stats

Type of BiscuitAnswer% Correct
Scottish butter biscuitShortbread
79%
Chocolate with cream fillingOreo
77%
Chocolate with chocolate fillingBourbon
72%
White cream filled biscuitCustard Cream
72%
Dunk into teaRich Tea
67%
Malt flavouredMalted Milk
51%
GingeryGinger Snap
38%
Coconut flavourNice
31%
Squashed fly biscuitGaribaldi
28%
Oaty biscuitFlapjack or Hobnob
10%

Score Distribution

Percentile by Number Answered

Percent of People with Each Score

Your Score History

You have not taken this quiz